000 00340nam a22001217a 4500
082 _a894.812
_bVID/N
100 _aVIDYASAGAR,K
245 _aNAMMUDE NATTARIVUKALUM PAZHANCHOLLUKALUM KADANKADHAKALUM VOL-II
260 _aKOTTAYAM
_bDC BOOKS
300 _a992
650 _aNATTARIVUKALUM PAZHANCHOLLUKALUM KADANKADHAKALUM
_zKERALA
942 _cBK
999 _c2237
_d2237